Koko : A Talking Gorilla /

El quinto largometraje dirigido por el cineasta francés Barbet Schroeder, y segundo del género documental en su filmografía después de General Idi Amin Dada (1974), es un seguimiento cotidiano del experimento que emprendió Francine Petterson, psicóloga norteamericana de la Universidad de Stanford, p...

詳細記述

保存先:
書誌詳細
第一著者: Schroeder, Barbet (realización)
その他の著者: Almendros, Néstor (fotógrafo) (fotógrafo), Auvray, Dominique (montaje) (montaje), Casabianca, Denise de (montaje) (montaje), Cattoni, Guta (música) (música), Embiricos, Maris (música) (música), Becker, Peter (producción ejecutiva) (producción ejecutiva), Kline, Lee (realización) (realización), Blair, Nicholas (fotógrafo) (fotógrafo), Burns, Mark (montaje) (montaje), Ramey, Chris (montaje) (montaje), Indiana, Gary (texto) (texto), Duras, Marguerite (texto) (texto)
フォーマット: スライド
言語:英語
出版事項: París, Francia : Nueva York, EUA : Les Films du Losange ; Criterion Collection, c1978-2006
シリーズ:(Criterion Collection ; 340)
主題:
タグ: タグ追加
タグなし, このレコードへの初めてのタグを付けませんか!

MARC

LEADER 00000ngm^a2200000^a^4500
001 000279602
005 20251020000000.0
009 20260310111439.32
020 |a 1-55940-985-1 
037 |a Acervo ITESO - Biblioteca 
041 |a ING 
082 |a 808. 8  |b CRI V. 340 
100 |a Schroeder, Barbet  |e (realización) 
240 1 1 |a [Koko: A Talking Gorilla] 
240 1 1 |a [Outside] 
240 1 1 |a [Este gran animal de color negro] 
245 1 0 |a Koko :  |b A Talking Gorilla /  |c Realización de B. Schroeder. 
246 2 |a Título en México: no conocido/no identificado 
246 2 |a Título alternativo en español: no conocido/no identificado 
264 4 |a París, Francia :  |b Les Films du Losange ;  |a Nueva York, EUA :  |b Criterion Collection,  |c c1978-2006 
264 2 |a Nueva York, EUA :  |b Criterion Collection [distribución],  |c 2006, c2006 
300 |a 1 DVD región 1 (81, 11 min.) :  |b color +  |e 1 folleto ([14] p.) 
336 |a imagen móvil bidimensional  |b tdi  |2 rdacontenido 
337 |a video  |b v  |2 rdamedio 
338 |a videodisco  |b vd  |2 rdasoporte 
440 1 |a (Criterion Collection ;  |v 340) 
520 |a El quinto largometraje dirigido por el cineasta francés Barbet Schroeder, y segundo del género documental en su filmografía después de General Idi Amin Dada (1974), es un seguimiento cotidiano del experimento que emprendió Francine Petterson, psicóloga norteamericana de la Universidad de Stanford, para enseñar la comunicación humana, por medio del lenguaje de sordomudos, a un gorila traído del zoológico de San Francisco llamado "Koko", que nació en 1971. Schroeder ingresó, acompañado del camarógrafo Néstor Almendros, al mundo de "Koko" en 1977 y ofrece una visión del experimento, causante de controversia en su momento, no exenta de ironía, que arroja luz sobre los debates éticos en torno a los derechos de los animales. Patterson –quien creó The Gorilla Foundation en 1978 y obtuvo su posgrado en Stanford un año más tarde con la tesis Linguistics Capabilities of a Lowland Gorilla- sostiene haberle enseñado a "Koko" una variante del lenguaje de sordomudos a la que llama "lenguaje de señas de gorila" y ha centrado su bibliografía académica en este tema. 
520 |a Suplementos y características especiales: 1) Opción de reproducir la película en francés, pues la narración fuera de cuadro fue escrita originalmente en inglés, y para esta traducción Schroeder contó con la colaboración de la renombrada escritora Marguerite Duras (1914-1996); 2) Entrevista con Barbet Schroeder (11 min., 2006), concedida a la distribuidora Criterion Collection, en la que conversa sobre los orígenes del cine, el género documental y su experiencia de trabajar con Koko en la que él llama su primera película norteamericana y 3) Folleto con los textos Barbet and Koko: An Equivocal Love Affair, del autor norteamericano Gary Indiana, y This Large Black Animal, de Marguerite Duras, publicado originalmente en el periódico Le Matin de Paris (1978) y recogido después en su colección de ensayos Outside (1981), con el título Este gran animal de color negro en la traducción de dicho volumen al español. 
546 |a En francés e inglés, con subtítulos opcionales: inglés 
546 |a Doblaje opcional: francés 
649 |a XX 
650 |a Cineastas Franceses -  |x Entrevistas 
650 |a Psicólogos Norteamericanos 
650 |a Mujeres Norteamericanas 
650 |a Documentales 
650 |a Cine Norteamericano -  |y 1970-1979 
650 |a Cine Norteamericano -  |y Siglo XX 
650 |a Cine Norteamericano -  |x Historia y Crítica 
650 |a Aprendizaje Animal -  |x Tema Principal 
650 |a Comunicación Animal -  |x Tema Principal 
650 |a Lenguaje de Sordomudos 
650 |a Gorilas -  |x Tema Principal 
650 |a Primates 
650 |a Etología 
650 |a Zoología 
650 |a Psicología 
650 |a Patterson, Francine 
650 |a Schroeder, Barbet 
740 0 |a [Interview with Barbet Schroeder] /  |c Prod. ejecutiva de P. Becker... [et al.] ; realización de L. Kline. 
740 0 |a Barbet and Koko :  |b An Equivocal Love Affair /  |c Texto de G. Indiana. 
740 0 |a This Large, Black Animal /  |c Texto de M. Duras. 
700 |a Almendros, Néstor  |e (fotógrafo) 
700 |a Auvray, Dominique  |e (montaje) 
700 |a Casabianca, Denise de  |e (montaje) 
700 |a Cattoni, Guta  |e (música) 
700 |a Embiricos, Maris  |e (música) 
700 |a Becker, Peter  |e (producción ejecutiva) 
700 |a Kline, Lee  |e (realización) 
700 |a Blair, Nicholas  |e (fotógrafo) 
700 |a Burns, Mark  |e (montaje) 
700 |a Ramey, Chris  |e (montaje) 
700 |a Indiana, Gary  |e (texto) 
700 |a Duras, Marguerite  |e (texto) 
910 |a Fondo General 
920 |a Audiovisuales - DVDs 
940 |a Películas 
905 |a 308 
901 |a 0500163005  |b IT2  |c DVR  |u 20250521 
901 |a 0500163002  |b IT2  |c MIN  |u 20251020 
902 |a https://opac.biblio.iteso.mx/vufind/Record/000279602